000 00553nam a2200193Ia 4500
005 20250508151901.0
008 008 250505s9999 xx 000 0 hin d
037 _aTextual
040 _aFEDL
_beng
_cFEDL
041 _ahin
_2eng
084 _a370.15, CAR
_qFEDL
100 _aCarkhanis Mahadev Kashinath
_9760263
245 0 _aShikshak aani shikshan
260 _aMumbai, India
_bKarnataka House
_c1919
300 _a454p.
650 _aEducation - Psychology
_9755527
942 _cTEXL
_h370.15, CAR
999 _c1332713
_d1332713